000 00298nam a22001217a 4500
008 230619b xxu||||| |||| 00| 0 eng d
082 _a266.7
_bFOR
100 _cR. Forbes Watson
245 _aCharles New
260 _aLondon
_bThomas Nelson and sons Ltd
_c1951
300 _aVI,78p
942 _2ddc
_cBK
999 _c1329
_d1329